Scheduling and automatic parallelization /

Bibliographic Details
Main Author: Darte, Alain
Corporate Author: SpringerLink (Online service)
Other Authors: Robert, Yves, 1958 September 5-, Vivien, Frédéric
Format: eBook
Language:English
Published: Boston : Birkhauser, [2000]
Subjects:
Online Access:Connect to the full text of this electronic book

MARC

Tag First Indicator Second Indicator Subfields
LEADER 00000cam a2200000Ma 4500
001 in00003548430
006 m o d
007 cr cn|||||||||
008 990825s2000 maua ob 001 0 eng d
005 20260421173402.5
020 |a 9781461213628 (electronic bk.) 
020 |a 1461213622 (electronic bk.) 
020 |z 9781461271130 
020 |z 0817641491 (hc. : alk. paper) 
020 |z 9781461213628 
035 |a (OCoLC)844327699 
040 |a E7B  |c E7B  |d OCLCF  |d OCLCO  |d GW5XE  |d UtOrBLW 
049 |a TXAM 
050 1 4 |a QA76.76.C65  |b D37 2000eb 
082 0 4 |a 004/.35  |2 21 
100 1 |a Darte, Alain. 
245 1 0 |a Scheduling and automatic parallelization /  |c Alain Darte, Yves Robert, Frederic Vivien. 
264 1 |a Boston :  |b Birkhauser,  |c [2000] 
264 4 |c ©2000 
300 |a 1 online resource (xvi, 264 pages :) :  |b illustrations 
336 |a text  |b txt  |2 rdacontent 
337 |a computer  |b c  |2 rdamedia 
338 |a online resource  |b cr  |2 rdacarrier 
504 |a Includes bibliographical references (pages 249-259) and index. 
500 |a Electronic resource. 
650 0 |a Compiling (Electronic computers) 
650 0 |a Parallel processing (Electronic computers) 
650 7 |a Compiling (Electronic computers)  |2 fast  |0 (OCoLC)fst00871540 
650 7 |a Parallel processing (Electronic computers)  |2 fast  |0 (OCoLC)fst01052928 
655 7 |a Electronic books.  |2 local 
700 1 |a Robert, Yves,  |d 1958 September 5- 
700 1 |a Vivien, Frédéric. 
710 2 |a SpringerLink (Online service) 
856 4 0 |u http://proxy.library.tamu.edu/login?url=https://link.springer.com/10.1007/978-1-4612-1362-8  |z Connect to the full text of this electronic book  |t 0 
994 |a 92  |b TXA 
999 |a MARS 
999 f f |s 80884667-52b6-39f4-858c-ddae70c72f32  |i 0d1de913-46c3-3d97-b6e8-3ee8272d77a7  |t 0 
952 f f |a Texas A&M University  |b College Station  |c Electronic Resources  |s www_evans  |d Available Online  |t 0  |e QA76.76.C65 D37 2000eb  |h Library of Congress classification 
998 f f |a QA76.76.C65 D37 2000eb  |t 0  |l Available Online